000 00311nam a2200121Ia 4500
008 240731s9999 xx 000 0 und d
022 _a1521-0383
245 4 _aThe American Journal of Family Therapy
260 _bRoutledge
856 _uhttps://www.tandfonline.com/loi/uaft20
942 _2ddc
942 _cTFEJ
999 _c79854
_d79854
945 _a1
_bMadushi Gamage
_c1
_dMadushi Gamage